Diseño industrial argentino /

Selección de productos, objetos y muebles ideados por profesionales argentinos del diseño industrial en la última década del siglo XX y la primera del XXI, con excepción de un trabajo fechado en 1970. Los resultados muestran en todos los casos la importancia del diseño como valor agregado a la produ...

وصف كامل

محفوظ في:
التفاصيل البيبلوغرافية
التنسيق: كتاب
اللغة:الإسبانية
منشور في: Buenos Aires, Argentina : CommTools, 2004, c2004
سلاسل:(Biblioteca CommTools)
الموضوعات:
الوسوم: إضافة وسم
لا توجد وسوم, كن أول من يضع وسما على هذه التسجيلة!

MARC

LEADER 00000nam^a2200000^a^4500
001 000189865
005 20250521000000.0
009 20260310102429.272
020 |a 987-20560-6-4 
037 |a Acervo ITESO - Biblioteca 
041 |a ESP 
082 |a 745. 20982  |b DIS 
245 0 0 |a Diseño industrial argentino /  |c Pról. de Hugo Kogan ; introd. de Adrián Lebendiker. 
264 4 |a Buenos Aires, Argentina :  |b CommTools,  |c 2004, c2004 
300 |a 95 p. 
336 |a texto  |b txt  |2 rdacontenido 
337 |a sin mediación  |b n  |2 rdamedio 
338 |a volumen  |b nc  |2 rdasoporte 
440 1 |a (Biblioteca CommTools) 
520 |a Selección de productos, objetos y muebles ideados por profesionales argentinos del diseño industrial en la última década del siglo XX y la primera del XXI, con excepción de un trabajo fechado en 1970. Los resultados muestran en todos los casos la importancia del diseño como valor agregado a la producción en serie, con contribuciones a su identidad, estética y funcionalidad. Cada uno de los trabajos es acompañado con un texto sobre los objetivos planteados para su desarrollo y con una ficha que incluye los datos para conectarse con los autores. 
649 |a XX 
650 |a Despachos Profesionales -  |z Argentina 
650 |a Diseño Industrial -  |z Argentina -  |x Tema Principal 
650 |a Diseño Industrial -  |z Argentina -  |x Historia -  |y 1990-1999 
650 |a Diseño Industrial -  |z Argentina -  |x Historia -  |y Siglo XX 
650 |a Diseño Industrial -  |z Argentina -  |x Historia -  |y 2000-2009 
650 |a Diseño Industrial -  |z Argentina -  |x Historia -  |y Siglo XXI 
650 |a Diseño Argentino -  |x Historia -  |y 1990-1999 
650 |a Diseño Argentino -  |x Historia -  |y Siglo XX 
650 |a Diseño Argentino -  |x Historia -  |y 2000-2009 
650 |a Diseño Argentino -  |x Historia -  |y Siglo XXI 
650 |a Arte Argentino -  |x Historia y Crítica 
910 |a Fondo General 
920 |a Impresos - Libros 
930 |a Reserva Especial 
905 |a 103 
901 |a 0500132922  |b IT1  |c REE  |u 20250521 
902 |a https://opac.biblio.iteso.mx/vufind/Record/000189865